| 000 | 01412cam a22003134a 4500 | ||
|---|---|---|---|
| 999 |
_c234388 _d234388 |
||
| 001 | 12434911 | ||
| 003 | Nust | ||
| 005 | 20170320114801.0 | ||
| 008 | 010608s2002 nyua b 001 0 eng | ||
| 010 | _a 2001037542 | ||
| 020 | _a978-0-521-18814-2 | ||
| 040 |
_aDLC _cDLC _dDLC |
||
| 042 | _apcc | ||
| 050 | 0 | 0 |
_aQH442 _b.N53 2002 |
| 082 | 0 | 0 |
_a660.65 _221 |
| 100 | 1 | _aNicholl, Desmond S. T. | |
| 245 | 1 | 3 |
_aAn introduction to genetic engineering / _cDesmond S.T. Nicholl. |
| 250 | _aThird Edition | ||
| 260 |
_aNew York : _bCambridge University Press, _c2002. |
||
| 300 |
_axii, 292 p. : _bill. ; _c24 cm. |
||
| 500 | _aPrevious edition published in series: Studies in biology. | ||
| 504 | _aIncludes bibliographical references and index. | ||
| 650 | 0 | _aGenetic engineering. | |
| 856 | 4 | 2 |
_3Publisher description _uhttp://www.loc.gov/catdir/description/cam022/2001037542.html |
| 856 | 4 | 1 |
_3Table of contents _uhttp://www.loc.gov/catdir/toc/cam026/2001037542.html |
| 856 | 4 | 2 |
_3Contributor biographical information _uhttp://www.loc.gov/catdir/enhancements/fy0731/2001037542-b.html |
| 906 |
_a7 _bcbc _corignew _d1 _eocip _f20 _gy-gencatlg |
||
| 942 |
_2ddc _cBK |
||